• 首页
  • 本馆介绍
  • 公告通知
  • 最新文献
  • 馆藏检索
  • 电子资源
  • 读者导购
  • 参考咨询
  • 我的图书馆
  • 登录
  • 详细信息显示
  • 放入我的书架
  • 预约/预借图书
  • 作者相关作品
  • 分类相关作品
  • 丛书相关作品
  • 出版社相关作品

书目信息

  • 表格格式
  • 工作单格式
  • 卡片格式
题名:
当代中国马克思主义研究
    
 
作者: 王修智 著
分册:  
出版信息: 济南   山东人民出版社  2004
页数: 382页
开本: 21cm
丛书名:
单 册:
中图分类: D26 , A849
科图分类:
主题词: 邓小平理论--研究 , “三个代表”--研究 , “三个代表” , 邓小平理论 , 毛泽东著作--学习 , 毛泽东著作研究
电子资源:
ISBN: 7-209-03546-X
000 00992nam0 2200301 450
001 1239031906
005 20090929110820.59
010    @a7-209-03546-X@b精装@dCNY40.00
100    @a20041309d2004 emky0chiy50 ea
101 0  @achi
102    @aCN@b370000
105    @ay z 000yy
106    @ar
200 1  @a当代中国马克思主义研究@f王修智著@Adang dai zhong guo ma ke si zhu yi yan jiu
210    @a济南@c山东人民出版社@d2004
215    @a382页@d21cm
330    @a本文集收录作者关于邓小平理论、“三个代表”重要思想、科学发展观的理论成果有:《对社会主义本质的一点认识》、《“三个代表”与“三大规律”》等。
606 0  @a邓小平理论@x研究
606 0  @a“三个代表”@x研究
606 0  @a“三个代表”
606 0  @a邓小平理论
606 0  @a毛泽东著作@x学习
606 0  @a毛泽东著作研究
690    @aD26@v4
690    @aA849@v4
701  0 @a王修智@f(1945.4~)@4著@Awang xiu zhi
801  0 @aCN@b大连网信软件有限公司图书馆·11@c20090929
905    @a10447@dA849@eJY7
    
    当代中国马克思主义研究/王修智著.-济南:山东人民出版社,2004
    382页;21cm
    
    
    ISBN 7-209-03546-X(精装):CNY40.00
    本文集收录作者关于邓小平理论、“三个代表”重要思想、科学发展观的理论成果有:《对社会主义本质的一点认识》、《“三个代表”与“三大规律”》等。
●
相关链接 在E读中查询图书 在五车中查询图书 在当当中查询图书 在豆瓣中查询图书


正题名:当代中国马克思主义研究     索取号:A849/JY7         预约/预借

序号 登录号 条形码 馆藏地/架位号 状态 备注
1 7809555   278095552   学院路分馆/ [索取号:A849/JY7] 在馆    
2 7809556   278095561   学院路分馆/ [索取号:A849/JY7] 在馆    
3 7809557   278095570   学院路分馆/ [索取号:A849/JY7] 在馆    
唐山师范学院图书馆 欢迎您!
大连网信软件有限公司© 版权所有